000 01882nam0a2200385 4500
001 RU\NLR\bibl\1054625
005 20260406085401.0
021 _aRU
_b2007-2280
_9107
035 _a(nilc)RSL-KNO-003030241
035 _a(NLR Aleph) 001041922
090 _a824124
_c824124
100 _a20070213d2006 |||y0rusy50 ca
101 0 _arus
102 _aRU
105 _aa |||||||||
106 _ar
200 1 _aФормирование схем развития линейных транспортных объектов и систем на основе логико-сетевого моделирования
_fВ. А. Анисимов
210 _aХабаровск
_cИзд-во ДВГУПС
_d2006
215 _a42 с.
_cил., табл.
_d20
225 1 _aПрепринт
_fМ-во трансп. Рос. Федерации, Федер. агентство ж.-д. трансп, ГОУ ВПО "Дальневост. гос. ун-т путей сообщ."
_v№ 67
320 _aБиблиогр.: с. 41
606 1 _aЖелезнодорожный транспорт
_xУправление
_xМатематическое моделирование
_92363494
_3RU\NLR\auth\661411183
610 0 _aЭкономика -- Российская Федерация -- Транспорт -- Экономико-математические методы и модели -- Линейные методы
686 _aУ9(2)370в611.21,0
_2rubbk
686 _aУ37(2)2-210.302
686 _aО280.3
700 1 _4070
_7ca
_8rus
_aАнисимов
_bВ. А.
_cканд. техн. наук
_f1951-
_gВиктор Александрович
_3RU\NLR\AUTH\770280005
_92651972
801 0 _aRU
_bРКП
_c20070213
_grcr
801 1 _aRU
_bРГБ
_c20070213
801 2 _aRU
_bNLR
_c20070305
_grcr
830 _aпо кн
942 _cBOOK
980 _aNB